000 00437nam a2200181Ia 4500
001 2636
005 20260306144821.0
008 260306t2011||||xx |||||||||||||| ||spa||
041 _aESP
082 _a618.928
_bA78
100 _aArtigas-Pallarés, Josep
_eAUT
245 0 _aTrastornos del neurodesarrollo
260 _c2011
300 _axxiv, 501 páginas :
_c29 cm.
650 _aGEN
654 _aCPS
942 _cLIB
_dJUS
_fJUS
_2ddc
_n
999 _c2636
_d2636